000 00303nam a22001337a 4500
008 171124b xxu||||| |||| 00| 0 eng d
020 _a9780375759895
041 _aeng
080 _a37
100 _a45
101 _aEDU
245 _aBASIC WRITING OF EXISTENTINALISM
_cMARINO.G
942 _2udc
_cBK
999 _c38469
_d38469